Turbulence (Record no. 5373)

000 -LEADER
fixed length control field 00511nam a2200205 i 4500
001 - CONTROL NUMBER
control field 5373
003 - CONTROL NUMBER IDENTIFIER
control field BD-DhUET
008 - FIXED-LENGTH DATA ELEMENTS--GENERAL INFORMATION
fixed length control field 750220s1975 nyua b 001 0 eng
020 ## - INTERNATIONAL STANDARD BOOK NUMBER
International Standard Book Number 0070290377
040 ## - CATALOGING SOURCE
Original cataloging agency DLC
Transcribing agency DLC
Modifying agency BD-DhUET
082 00 - DEWEY DECIMAL CLASSIFICATION NUMBER
Classification number 532.56
Item number HIN/1975
100 1# - MAIN ENTRY--PERSONAL NAME
Personal name Hinze, J. O.
245 00 - TITLE STATEMENT
Title Turbulence
250 ## - EDITION STATEMENT
Edition statement 2nd ed.
260 ## - PUBLICATION, DISTRIBUTION, ETC. (IMPRINT)
Place of publication, distribution, etc. New York
Name of publisher, distributor, etc. McGraw-Hill
Date of publication, distribution, etc. 1975
300 ## - PHYSICAL DESCRIPTION
Extent x,790p.
Other physical details ill.
Dimensions 24 cm.
490 0# - SERIES STATEMENT
Series statement McGraw-Hill series in mechanical engineering
650 #0 - SUBJECT ADDED ENTRY--TOPICAL TERM
Topical term or geographic name as entry element Turbulence
942 ## - ADDED ENTRY ELEMENTS (KOHA)
Koha item type General Book
Holdings
Lost status Koha date last seen Koha full call number Location (home branch) Koha date last borrowed Withdrawn status Damaged status Copy number Source of classification or shelving scheme Price effective from Koha normalized classification for sorting Shelving location Sublocation or collection (holding branch) Not for loan Piece designation (barcode) Date acquired Koha issues (times borrowed) Koha item type
 2014-11-26532.56/HIN/1975Central Library, BUET   1 2014-11-26532_560000000000000_HIN_1975Circulation sectionCentral Library, BUET 638132014-11-26 General Book
 2014-11-26532.56/HIN/1975Central Library, BUET   2 2014-11-26532_560000000000000_HIN_1975Circulation sectionCentral Library, BUET 638162014-11-26 General Book
 2014-12-07532.56/HIN/1975Central Library, BUET   3 2014-12-07532_560000000000000_HIN_1975Circulation sectionCentral Library, BUET 443342014-12-07 General Book
 2014-12-07532.56/HIN/1975Central Library, BUET   4 2014-12-07532_560000000000000_HIN_1975Circulation sectionCentral Library, BUET 638072014-12-07 General Book
 2015-03-29532.56/HIN/1975Central Library, BUET2015-03-25  5 2014-12-07532_560000000000000_HIN_1975Circulation sectionCentral Library, BUET 638122014-12-071General Book
 2014-12-07532.56/HIN/1975Central Library, BUET   6 2014-12-07532_560000000000000_HIN_1975Circulation sectionCentral Library, BUET 638052014-12-07 General Book
 2014-12-07532.56/HIN/1975Central Library, BUET   7 2014-12-07532_560000000000000_HIN_1975Circulation sectionCentral Library, BUET 638102014-12-07 General Book
 2014-12-07532.56/HIN/1975Central Library, BUET   8 2014-12-07532_560000000000000_HIN_1975Circulation sectionCentral Library, BUET 638082014-12-07 General Book
 2014-12-07532.56/HIN/1975Central Library, BUET   9 2014-12-07532_560000000000000_HIN_1975Circulation sectionCentral Library, BUET 638092014-12-07 General Book
 2023-02-28532.56/HIN/1975Central Library, BUET2022-11-14  10 2014-12-07532_560000000000000_HIN_1975Circulation sectionCentral Library, BUET 638062014-12-071General Book
 2015-09-14532.56/HIN/1975Central Library, BUET2015-05-26  11 2014-12-07532_560000000000000_HIN_1975Circulation sectionCentral Library, BUET 638152014-12-071General Book
 2015-03-09532.56/HIN/1975Central Library, BUET   12 2015-03-09532_560000000000000_HIN_1975Circulation sectionCentral Library, BUET 391582015-03-09 General Book
 2015-06-07532.56/HIN/1975Central Library, BUET   13 2015-06-07532_560000000000000_HIN_1975Reading sectionCentral Library, BUET 589682015-06-07 Reading Item
 2015-06-07532.56/HIN/1975Central Library, BUET   14 2015-06-07532_560000000000000_HIN_1975Reading sectionCentral Library, BUET 606532015-06-07 Reading Item
 2015-06-23532.56/HIN/1975Central Library, BUET   15 2015-06-23532_560000000000000_HIN_1975Reading sectionCentral Library, BUET 527292015-06-23 Reading Item
 2024-11-27532.56 HIN/1975Central Library, BUET2024-11-27  16 2024-11-16532_560000000000000_HIN_1975Circulation sectionCentral Library, BUET 638111985-06-291General Book
 2024-11-16532.56 HIN/1975Central Library, BUET     2024-11-16532_560000000000000_HIN_1975 Central Library, BUET  2024-11-16 General Book
 2024-11-16532.56 HIN/1975Central Library, BUET   18 2024-11-16532_560000000000000_HIN_1975Circulation sectionCentral Library, BUET 391592025-09-03 General Book